000 00661nam a2200205 a 4500
005 20220816154254.0
008 060607s1998 mx r 000 0 spa d
020 _a0590257455
035 _aUPN01000145254
049 _aI
050 4 _aQL568 A6
_bC6.3
100 1 _aCole, Joanna,
_d1944-
245 1 3 _aEl autobús mágico :
_bdentro de una colmena /
_cJoanna Cole ; il. por Bruce Degen ; tr. por Pedro González Caver.
260 _a[New York] :
_bScholastic,
_c1998.
300 _a47 p. :
_bil. col.
650 7 _aAbejas
_vLiteratura juvenil
_2
_96315
650 4 _aCOLMENAS -
_vLITERATURA JUVENIL
_96314
700 1 _aDegen, Bruce,
_eil.
905 _aInfantil
999 _c117400
_d117400